| 000 | 00690nam a2200241Ia 4500 | ||
|---|---|---|---|
| 003 | OSt | ||
| 005 | 20241109103438.0 | ||
| 008 | 210210b2000 xxu||||| |||| 00| 0 eng d | ||
| 020 | _a81 87609 01 X | ||
| 040 | _cAL | ||
| 041 | _aEnglish | ||
| 082 | _a954.8711 LOBD | ||
| 100 |
_aLOBO (Michael) _9183857 |
||
| 245 | _aDistinguished Manglorean catholics.(1800-2000) | ||
| 260 |
_aMangalore. _bMichael Lobo., _c2000 |
||
| 300 | _aix,643 | ||
| 520 | _aA Historico-Biographical survey of the Mangalorean Catholic Community | ||
| 650 |
_aManglorean DK _9183858 |
||
| 650 |
_aSouth Kanara /South Canara _9184757 |
||
| 690 |
_aSouth Kanara _9183862 |
||
| 906 | _a055860 | ||
| 942 |
_2ddc _cBK |
||
| 999 |
_c103355 _d103355 |
||